=LDR 00000nam 2200000 4500 =001 INLIS000000000023474 =005 20130612122133 =008 ***********************************Ind** =035 ##$$0010-061300000023474 =041 ##$$a Ind =082 ##$$a 320.54 =090 ##$$a 320.54, Ana a =245 ##$$a Anak bangsa menggugat, Nasionalisme, kemandirian dan kewirausahaan, Pengantar Sri-Edi Swasono =260 ##$$a 2003 $b Jakarta =300 ##$$a xv, 251 hlm, 23 cm =650 ##$$a Nasionalisme =850 ##$$a NBPNMAT